| 000 | 00526 a2200205 4500 | ||
|---|---|---|---|
| 005 | 20260415114528.0 | ||
| 008 | 260415b |||||||| |||| 00| 0 eng d | ||
| 020 |
_a9788123925271 _cRs. 450.00 |
||
| 040 | _aMAIN | ||
| 082 |
_a572.4 _bS23N |
||
| 100 | _aSharma, D C | ||
| 245 | _aNutritional biochemistry | ||
| 260 |
_bCBS Publishers _c2024 _aNew Delhi |
||
| 300 | _ax, 178 | ||
| 650 | _aBiochemistry | ||
| 650 | _aNutrition | ||
| 650 | _aBiochemical Aspects of Nutrition | ||
| 700 | _aSharma, Devanshi | ||
| 942 | _cBK | ||
| 999 |
_c395611 _d395611 |
||